[Event "Chigorin Memorial-B 10th"]
[Site "St Petersburg"]
[Date "2002.10.31"]
[Round "6"]
[White "Kondenko, Alexey"]
[Black "Rumiantsev, Anton"]
[Result "1-0"]
[WhiteElo "2312"]
[BlackElo "2214"]
[PlyCount "61"]
[EventDate "2002.10.25"]
[EventType "swiss"]
[EventRounds "9"]
[EventCountry "RUS"]
[SourceTitle "EXT 2003"]
[Source "ChessBase"]
[SourceDate "2002.11.25"]
[SourceVersion "1"]
[SourceVersionDate "2002.11.25"]
[SourceQuality "1"]

1. d4 d5 2. Nf3 Nf6 3. c4 e6 4. Bg5 c6 5. Nbd2 h6 6. Bxf6 Qxf6 7. g3 Bb4 8. Bg2 Bxd2+ 9. Qxd2 Nd7 10. Rc1 0-0 11. 0-0 Qe7 12. Qf4 Qb4 13. b3 a5 14. e4 Nf6 15. Nd2 a4 16. e5 Ne8 17. Rc2 Nc7 18. Qe3 Rd8 19. g4 c5 20. f4 dxc4 21. Rxc4 cxd4 22. Qf2 Qb6 23. bxa4 Na6 24. g5 h5 25. Ne4 g6 26. Rd1 Nc7 27. Nf6+ Kg7 28. Be4 Nd5 29. Rcxd4 Nxf4 30. Rxd8 Nh3+ 31. Kh1 1-0

[Event "Chigorin Memorial-B 10th"]
[Site "St Petersburg"]
[Date "2002.10.29"]
[Round "5"]
[White "Rumiantsev, Anton"]
[Black "Bogumil, Pavel"]
[Result "1-0"]
[WhiteElo "2214"]
[BlackElo "2323"]
[PlyCount "83"]
[EventDate "2002.10.25"]
[EventType "swiss"]
[EventRounds "9"]
[EventCountry "RUS"]
[SourceTitle "EXT 2003"]
[Source "ChessBase"]
[SourceDate "2002.11.25"]
[SourceVersion "1"]
[SourceVersionDate "2002.11.25"]
[SourceQuality "1"]

1. Nf3 Nf6 2. g3 d5 3. d4 c6 4. Bg2 Bf5 5. 0-0 e6 6. c4 Nbd7 7. Nc3 h6 8. cxd5 exd5 9. Nh4 Bh7 10. e4 dxe4 11. Re1 Be7 12. Nxe4 0-0 13. Nxf6+ Nxf6 14. Qb3 Qd7 15. Nf3 Rad8 16. Bd2 Nd5 17. Ne5 Qc8 18. Ba5 Rd6 19. Nc4 Re6 20. Rxe6 fxe6 21. Re1 Bf6 22. Bc3 Qd7 23. Nd2 Bf5 24. Ne4 b6 25. Qd1 Rd8 26. Qf3 Rf8 27. Qe2 a5 28. a4 Kh8 29. Qh5 Ne7 30. Nxf6 Rxf6 31. d5 Rg6 32. dxc6 Nxc6 33. Rd1 Qe8 34. h3 Nb4 35. Qf3 Nd5 36. Rxd5 exd5 37. Qxf5 Rg5 38. Qf4 Qe6 39. Bd4 Qc6 40. Qb8+ Kh7 41. h4 Rg4 42. Qe5 1-0

[Event "Chigorin Memorial-B 10th"]
[Site "St Petersburg"]
[Date "2002.10.26"]
[Round "2"]
[White "Gerasimenyk, Mihail"]
[Black "Rumiantsev, Anton"]
[Result "1/2-1/2"]
[WhiteElo "2329"]
[BlackElo "2214"]
[PlyCount "51"]
[EventDate "2002.10.25"]
[EventType "swiss"]
[EventRounds "9"]
[EventCountry "RUS"]
[SourceTitle "EXT 2003"]
[Source "ChessBase"]
[SourceDate "2002.11.25"]
[SourceVersion "1"]
[SourceVersionDate "2002.11.25"]
[SourceQuality "1"]

1. d4 d5 2. c4 e6 3. Nc3 c6 4. Nf3 Nf6 5. Bg5 h6 6. Bxf6 Qxf6 7. e3 Nd7 8. Bd3 dxc4 9. Bxc4 Qd8 10. 0-0 Bd6 11. e4 e5 12. dxe5 Bxe5 13. Nxe5 Nxe5 14. Qxd8+ Kxd8 15. Bb3 Be6 16. Bxe6 fxe6 17. f4 Nc4 18. b3 Ne3 19. Rf3 Nc2 20. Rd1+ Ke7 21. Rd2 Nb4 22. a3 Na6 23. Rg3 Rhg8 24. Kf2 Nc5 25. b4 Nd7 26. Na4 1/2-1/2

[Event "Petrov Memorial op"]
[Site "St Petersburg"]
[Date "2002.02.18"]
[Round "7"]
[White "Rumiantsev, Anton"]
[Black "Zdebskaja, Natalia"]
[Result "0-1"]
[WhiteElo "2170"]
[BlackElo "2329"]
[PlyCount "74"]
[EventDate "2002.02.12"]
[EventType "swiss"]
[EventRounds "9"]
[EventCountry "RUS"]
[SourceTitle "CBM 086 Extra"]
[Source "ChessBase"]
[SourceDate "2002.03.14"]
[SourceVersion "1"]
[SourceVersionDate "2002.03.14"]
[SourceQuality "1"]

1. Nf3 d6 2. d4 f5 3. g3 Nf6 4. Bg2 g6 5. 0-0 Bg7 6. c4 0-0 7. Nc3 Qe8 8. b3 Na6 9. Bb2 c6 10. Rb1 Bd7 11. d5 Rd8 12. Nd4 e5 13. dxe6 Bxe6 14. Nxe6 Qxe6 15. Re1 Nc5 16. e4 Ncxe4 17. f3 Nxc3 18. Rxe6 Nxd1 19. Rxd1 Ne8 20. Bxg7 Kxg7 21. f4 Rf6 22. Re3 Rf7 23. b4 Nf6 24. b5 cxb5 25. cxb5 d5 26. Re5 Rfd7 27. Rd4 Kf7 28. h3 b6 29. a4 Rd6 30. Rd3 d4 31. Re2 Nd7 32. g4 Nc5 33. Rd1 d3 34. Re5 fxg4 35. hxg4 d2 36. f5 Nxa4 37. fxg6+ hxg6 0-1

[Event "Petrov Memorial op"]
[Site "St Petersburg"]
[Date "2002.02.15"]
[Round "4"]
[White "Rumiantsev, Anton"]
[Black "Alikhanov, Felix"]
[Result "0-1"]
[WhiteElo "2170"]
[BlackElo "2305"]
[PlyCount "54"]
[EventDate "2002.02.12"]
[EventType "swiss"]
[EventRounds "9"]
[EventCountry "RUS"]
[SourceTitle "CBM 086 Extra"]
[Source "ChessBase"]
[SourceDate "2002.03.14"]
[SourceVersion "1"]
[SourceVersionDate "2002.03.14"]
[SourceQuality "1"]

1. Nf3 Nf6 2. b3 g6 3. Bb2 Bg7 4. g3 b6 5. Bg2 Bb7 6. 0-0 0-0 7. c4 c5 8. d4 cxd4 9. Bxd4 d6 10. Nbd2 Nbd7 11. Re1 e5 12. Bb2 e4 13. Nd4 Qe7 14. Nf1 a6 15. Ne3 Ne5 16. Bh3 Rfd8 17. a4 d5 18. Qc1 Bc8 19. Bg2 dxc4 20. bxc4 Bb7 21. a5 Nfg4 22. axb6 Nxe3 23. Ba3 Qg5 24. fxe3 Nxc4 25. Qxc4 Qxe3+ 26. Kh1 Bxd4 27. Rab1 Qxa3 0-1

[Event "Chigorin Memorial 09th"]
[Site "St Petersburg"]
[Date "2001.10.31"]
[Round "6"]
[White "Kravtsov, Sergey"]
[Black "Rumiantsev, Anton"]
[Result "1/2-1/2"]
[WhiteElo "2422"]
[BlackElo "2172"]
[PlyCount "45"]
[EventDate "2001.10.26"]
[EventType "swiss"]
[EventRounds "9"]
[EventCountry "RUS"]
[SourceTitle "EXT 2002"]
[Source "ChessBase"]
[SourceDate "2001.11.25"]
[SourceVersion "1"]
[SourceVersionDate "2001.11.25"]
[SourceQuality "1"]

1. e4 c6 2. Nc3 d5 3. Nf3 dxe4 4. Nxe4 Nf6 5. Nxf6+ gxf6 6. d4 Bf5 7. Be2 e6 8. 0-0 Bd6 9. c4 Nd7 10. Be3 Rg8 11. Kh1 Be4 12. Ne1 Qc7 13. f3 Bf5 14. Bg1 0-0-0 15. Qa4 Rg6 16. g4 Rh6 17. Rf2 Bg6 18. Qxa7 f5 19. g5 Rh3 20. Nd3 h6 21. d5 c5 22. b4 hxg5 23. Bf1 1/2-1/2

[Event "Chigorin Memorial 09th"]
[Site "St Petersburg"]
[Date "2001.10.29"]
[Round "4"]
[White "Reutsky, Sergei"]
[Black "Rumiantsev, Anton"]
[Result "0-1"]
[WhiteElo "2239"]
[BlackElo "2172"]
[PlyCount "58"]
[EventDate "2001.10.26"]
[EventType "swiss"]
[EventRounds "9"]
[EventCountry "RUS"]
[SourceTitle "EXT 2002"]
[Source "ChessBase"]
[SourceDate "2001.11.25"]
[SourceVersion "1"]
[SourceVersionDate "2001.11.25"]
[SourceQuality "1"]

1. e4 c6 2. d4 d5 3. e5 Bf5 4. Nc3 e6 5. g4 Bg6 6. Nge2 Ne7 7. Nf4 Nd7 8. h4 h6 9. h5 Bh7 10. Bd3 Bxd3 11. Qxd3 c5 12. Nb5 Nc8 13. g5 c4 14. Qf3 hxg5 15. Nh3 f6 16. Rg1 Qb6 17. exf6 gxf6 18. Nc3 Nd6 19. Be3 Qxb2 20. Kd2 Qb4 21. Rab1 Qa5 22. Bxg5 Ne4+ 23. Kc1 Ba3+ 24. Kd1 Nxc3+ 25. Ke1 Nxb1+ 26. Kf1 fxg5 27. Qg4 0-0-0 28. Nxg5 Rhg8 29. Qxe6 Nd2+ 0-1

[Event "Chigorin Memorial 09th"]
[Site "St Petersburg"]
[Date "2001.10.28"]
[Round "3"]
[White "Rumiantsev, Anton"]
[Black "Kalinina, Vladislava"]
[Result "0-1"]
[WhiteElo "2172"]
[BlackElo "2271"]
[PlyCount "80"]
[EventDate "2001.10.26"]
[EventType "swiss"]
[EventRounds "9"]
[EventCountry "RUS"]
[SourceTitle "EXT 2002"]
[Source "ChessBase"]
[SourceDate "2001.11.25"]
[SourceVersion "1"]
[SourceVersionDate "2001.11.25"]
[SourceQuality "1"]

1. d4 Nf6 2. Nf3 d6 3. b3 Nbd7 4. Bb2 c6 5. Nbd2 Qc7 6. e4 e5 7. Bd3 exd4 8. Nxd4 g6 9. Ba3 Qa5 10. Bb2 Bg7 11. 0-0 0-0 12. c3 Qc7 13. Re1 b5 14. a4 bxa4 15. bxa4 Nc5 16. Bf1 Ng4 17. h3 Ne5 18. Qc2 Ba6 19. Bxa6 Nxa6 20. Ba3 Rfe8 21. Rab1 Rad8 22. N2f3 Nd7 23. Nb3 Nb6 24. Qe2 Qc8 25. Nfd4 Nxa4 26. Qc4 Nxc3 27. Rbc1 c5 28. Nf3 Na2 29. Rcd1 N2b4 30. Ng5 Re7 31. e5 h6 32. Nf3 d5 33. Qb5 Nc2 34. Bxc5 Nxc5 35. Nxc5 Nxe1 36. Rxe1 d4 37. h4 Rd5 38. e6 Rxe6 39. Rc1 Rc6 40. Re1 Rdxc5 0-1